000 00716nam a2200229Ia 4500
003 GCL
008 140319s9999 xx 000 0 ara d
040 _aGCL /
_cGCL
082 0 4 _a338.9
_bم د
100 1 _aالمجالس القومية المتخصصة
245 1 0 _aدعائم استراتيجية الصناعة /
_cالمجالس القومية المتخصصة
300 _a272 ص
490 _a100 قصة
_v0
650 0 4 _aالملابس
650 0 4 _aالانتاج
650 0 4 _aالقطن - مصر
650 0 4 _aالصناعة - مصر
650 0 4 _aالسكر - صناعة
650 0 4 _aالزيوت - صناعات
650 0 4 _aالملابس الجاهزة - صناعة
942 _2ddc
_cBK
999 _c43386
_d43386